Manual de prácticas de física clásica : laboratorio de electricidad y magnetismo /
Colección que presenta los experimentos más representativos de la física clásica para el nivel universitario inicial en el área de las ingenierías. Se dividen los volúmenes por las ramas principales de esta ciencia experimental de manera que abordan: la mecánica; el calor, ondas y fluidos; la electr...
Guardat en:
| Autor principal: | |
|---|---|
| Format: | Llibre |
| Idioma: | espanyol |
| Publicat: |
Aguascalientes, México :
Universidad Autónoma de Aguascalientes,
2010, c2010
|
| Col·lecció: | (Textos Universitarios UAA. Ciencias Básicas)
|
| Matèries: | |
| Etiquetes: |
Sense etiquetes, Sigues el primer a etiquetar aquest registre!
|
MARC
| LEADER | 00000nam^a2200000^a^4500 | ||
|---|---|---|---|
| 001 | 000337485 | ||
| 005 | 20250521000000.0 | ||
| 009 | 20260526141007.028 | ||
| 020 | |a 978-607-7745-61-7 | ||
| 020 | |a 978-607-7745-59-4 | ||
| 037 | |a Acervo ITESO - Biblioteca | ||
| 041 | |a ESP | ||
| 082 | |a 530. 078 |b MED V. 3 | ||
| 100 | |a Medina Rivera, Salvador |e (autor) | ||
| 240 | 1 | 1 | |a [Manual de prácticas de física clásica] |
| 245 | 1 | 0 | |a Manual de prácticas de física clásica : |b laboratorio de electricidad y magnetismo / |c S. Medina Rivera. |
| 264 | 4 | |a Aguascalientes, México : |b Universidad Autónoma de Aguascalientes, |c 2010, c2010 | |
| 300 | |a 104 p. | ||
| 336 | |a texto |b txt |2 rdacontenido | ||
| 337 | |a sin mediación |b n |2 rdamedio | ||
| 338 | |a volumen |b nc |2 rdasoporte | ||
| 440 | 1 | |a (Textos Universitarios UAA. |p Ciencias Básicas) | |
| 520 | |a Colección que presenta los experimentos más representativos de la física clásica para el nivel universitario inicial en el área de las ingenierías. Se dividen los volúmenes por las ramas principales de esta ciencia experimental de manera que abordan: la mecánica; el calor, ondas y fluidos; la electricidad y el magnetismo; la óptica física y la geométrica. | ||
| 649 | |a XX | ||
| 650 | |a Magnetismo - |x Experimentos | ||
| 650 | |a Electricidad - |x Experimentos | ||
| 650 | |a Magnetismo - |x Laboratorios - |x Tema Principal | ||
| 650 | |a Electricidad - |x Laboratorios - |x Tema Principal | ||
| 650 | |a Física - |x Laboratorios - |x Tema Principal | ||
| 650 | |a Ingeniería - |x Investigación | ||
| 650 | |a Ciencia - |x Investigación | ||
| 910 | |a Fondo General | ||
| 920 | |a Impresos - Libros | ||
| 930 | |a Colección General | ||
| 905 | |a 101 | ||
| 901 | |a 0500227346 |b IT1 |c ACC |i D62100 |u 20250521 | ||
| 902 | |a https://opac.biblio.iteso.mx/vufind/Record/000337485 | ||